PERSONAL BRILLIANCE MASTERING THE EVERYD (Record no. 7279)
[ view plain ]
| 000 -LEADER | |
|---|---|
| fixed length control field | 00363nam a2200133Ia 4500 |
| 008 - FIXED-LENGTH DATA ELEMENTS--GENERAL INFORMATION | |
| fixed length control field | 240624s9999 xx 000 0 und d |
| 041 ## - LANGUAGE CODE | |
| Language code of text/sound track or separate title | eng |
| 082 ## - DEWEY DECIMAL CLASSIFICATION NUMBER | |
| Classification number | 158.1 CAN |
| 100 ## - MAIN ENTRY--PERSONAL NAME | |
| Personal name | CANTERUCCI JIM |
| 245 ## - TITLE STATEMENT | |
| Title | PERSONAL BRILLIANCE MASTERING THE EVERYD |
| 260 ## - PUBLICATION, DISTRIBUTION, ETC. | |
| Date of publication, distribution, etc. | 2007 |
| Place of publication, distribution, etc. | New Delhi |
| Name of publisher, distributor, etc. | Prentice-Hall of India |
| 300 ## - PHYSICAL DESCRIPTION | |
| Extent | xiii, , 210 , 25 : p. : cm. |
| 365 ## - TRADE PRICE | |
| Currency code | RS |
| Price amount | 36 |
| Withdrawn status | Lost status | Damaged status | Not for loan | Home library | Current library | Shelving location | Date acquired | Source of acquisition | Cost, normal purchase price | Total Checkouts | Full call number | Barcode | Date last seen | Date last checked out | Copy number | Price effective from | Koha item type |
|---|---|---|---|---|---|---|---|---|---|---|---|---|---|---|---|---|---|
| IMTN | IMTN | Rack 1-B | 11/01/2007 | AP | 350.00 | 2 | 158.1 CAN | 7279 | 07/15/2025 | 03/20/2025 | 1 | 06/24/2024 | Books |